000 00383 a2200133 4500
000 nam a22 7a 4500
100 _aFennell, David A.
110 _aFennell, David A.
245 _aSustainable Tourism: Principles, Contexts and Practices
250 _aLatest edition
260 _bChannel View Publications
_c2020
264 _bChannel View Publications
_c2020
942 _cBK
999 _c395698
_d395698